Sleeping soundly in your bed? (Record no. 80623)
[ view plain ]
| 000 -LEADER | |
|---|---|
| fixed length control field | 01258cab a22002175a 4500 |
| 001 - CONTROL NUMBER | |
| control field | L144878 |
| 008 - FIXED-LENGTH DATA ELEMENTS--GENERAL INFORMATION | |
| fixed length control field | 080815s2008 xxk f 000 0 eng d |
| 035 ## - SYSTEM CONTROL NUMBER | |
| System control number | (Sirsi) u144878 |
| 041 0# - LANGUAGE CODE | |
| Language code of text/sound track or separate title | eng |
| 100 1# - MAIN ENTRY--PERSONAL NAME | |
| Personal name | Connal, Craig |
| 245 00 - TITLE STATEMENT | |
| Title | Sleeping soundly in your bed? |
| Remainder of title | planning law meets hazardous substances |
| 260 ## - PUBLICATION, DISTRIBUTION, ETC. | |
| Date of publication, distribution, etc. | 2008 |
| 490 ## - SERIES STATEMENT | |
| Series statement | Journal of Planning and Environment Law |
| Volume/sequential designation | (2) 2008, 128-136(9) |
| 520 ## - SUMMARY, ETC. | |
| Summary, etc. | Article looks at planning law with respect to hazardous substances and argues that it is time to revisit the topic in the light of disasters such as the Stockline Plastics explosion in Glasgow and the petition by Eriden properties for a judicial review by Falkirk council for a hazardous substances consent to KemFine UK at Grangemouth. Also explores the advisory role of the Health and Safety Executive (HSE) in the planning process and the restraints on their involvement. |
| 650 24 - SUBJECT ADDED ENTRY--TOPICAL TERM | |
| Topical term or geographic name entry element | PLANNING (HAZARDOUS SUBSTANCES) ACT 1990 |
| 650 24 - SUBJECT ADDED ENTRY--TOPICAL TERM | |
| Topical term or geographic name entry element | PLANNING (HAZARDOUS SUBSTANCES) (SCOTLAND) ACT 1997 |
| 650 24 - SUBJECT ADDED ENTRY--TOPICAL TERM | |
| Topical term or geographic name entry element | PLANNING (NOTIFICATION OF APPLICATIONS) (SCOTLAND) DIRECTION 1998 |
| 651 #4 - SUBJECT ADDED ENTRY--GEOGRAPHIC NAME | |
| Geographic name | United Kingdom |
| Chronological subdivision | |
| 690 ## - LOCAL SUBJECT ADDED ENTRY--TOPICAL TERM (OCLC, RLIN) | |
| Topical term or geographic name as entry element | MANAGEMENT-HEALTH AND SAFETY-HEALTH AND SAFETY RISK MANAGEMENT-HEALTH AND SAFETY RISK ASSESSMENT |
| 942 ## - ADDED ENTRY ELEMENTS (KOHA) | |
| Suppress in OPAC | 0 |
| Withdrawn status | Lost status | Source of classification or shelving scheme | Damaged status | Not for loan | Home library | Current library | Shelving location | Date acquired | Total Checkouts | Full call number | Barcode | Date last seen | Copy number | Price effective from | Koha item type |
|---|---|---|---|---|---|---|---|---|---|---|---|---|---|---|---|
| Dewey Decimal Classification | London | London | Journal article | 15/08/2008 | L144878 | 144878-1001 | 06/08/2019 | 1 | 06/08/2019 | Journal article |